Μελέτη συμπεριφοράς διεθνών χρηματιστηριακών αγορών με τη χρήση τεχνικών δεικτών : διπλωματική εργασία
Αποθηκεύτηκε σε:
| Κύριος συγγραφέας: | |
|---|---|
| Συγγραφή απο Οργανισμό/Αρχή: | |
| Μορφή: | Thesis Βιβλίο |
| Γλώσσα: | Greek |
| Δημοσίευση: |
2014.
|
| Θέματα: | |
| Διαθέσιμο Online: | http://hdl.handle.net/11610/8483 |
| Ετικέτες: |
Προσθήκη ετικέτας
Δεν υπάρχουν, Καταχωρήστε ετικέτα πρώτοι!
|
MARC
| LEADER | 00000cam a2200000 a 4500 | ||
|---|---|---|---|
| 001 | 1/107334 | ||
| 008 | 150709s2014####gr | ||| |||| ||gre|| | ||
| 040 | |a GR-MyUa |b gre |c GR-MyUa |e AACR2 | ||
| 041 | 0 | |a gre | |
| 082 | 7 | |a 332.642 |2 (23) | |
| 100 | 1 | |a Μπίτσας, Γεώργιος. | |
| 245 | 1 | 0 | |a Μελέτη συμπεριφοράς διεθνών χρηματιστηριακών αγορών με τη χρήση τεχνικών δεικτών : |b διπλωματική εργασία / |c Μπίτσας Γεώργιος ; επιβλέπων καθηγητής Δούνιας Γεώργιος. |
| 260 | |c 2014. | ||
| 300 | |a 132 σ. : |b διαγρ., πίν. ; |c 30 εκ. | ||
| 502 | |a Πτυχιακή εργασία - Πανεπιστήμιο Αιγαίου, Χίος, 2014. | ||
| 504 | |a Περιλαμβάνει βιβλιογραφία. | ||
| 506 | 1 | |a Διάθεση πλήρους κειμένου ; |b Μόνο σε μέλη του Πανεπιστημίου. | |
| 540 | |a Κλειδωμένη δυνατότητα αντιγραφής. | ||
| 650 | 0 | |a Stock exchanges. | |
| 650 | 0 | |a Technical analysis (Investment analysis) | |
| 710 | 2 | |a Πανεπιστήμιο Αιγαίου |b Σχολή Επιστημών της Διοίκησης |b Τμήμα Μηχανικών Οικονομίας και Διοίκησης. | |
| 852 | |a INST |b CHIOS |c DIATR |e 20150709 |h 332.642 ΜΠΙ |p 005200035966 |q 005200035966 |t DIE |y 23 | ||
| 852 | |a INST |b CHIOS |c DIATR |e 20150709 |h 332.642 ΜΠΙ |p 005200035967 |q 005200035967 |t DIE |y 23 | ||
| 856 | |u http://hdl.handle.net/11610/8483 | ||
| 924 | |a Μπίτσας |b Γεώργιος |y Χίος |z 2014-08 | ||
| 970 | |a Παροικάκη |b Βασιλική |z 09-07-2015 | ||